[Event "185th open MGU"]
[Site "Sofia"]
[Date "2017.04.09"]
[Round "5.5"]
[White "Ignatov, Bojidar"]
[Black "Ruschukov, Boyan"]
[Result "1-0"]
[WhiteElo "1770"]
[BlackElo "1801"]
[PlyCount "83"]
[EventDate "2017.04.08"]
[EventType "swiss"]
[EventRounds "6"]
[EventCountry "BUL"]

1. d4 Nf6 2. c4 g6 3. Nc3 Bg7 4. e4 d6 5. Nf3 O-O 6. Be2 e5 7. O-O Nc6 8. d5
Ne7 9. Ne1 Ne8 10. f3 f5 11. Nd3 Nf6 12. Nf2 ({RR} 12. c5 c6 13. Qb3 Kh8 14.
Be3 fxe4 15. fxe4 cxd5 16. cxd6 Nc6 17. exd5 Nd4 18. Bxd4 exd4 19. Nb5 Bg4 20.
Bf3 Bh6 21. Nc7 Be3+ 22. Kh1 Rb8 23. Qa3 Qd7 24. Ne5 Qf5 25. Nc4 Bh6 26. Ne6 b5
{Skembris,S (2435)-Gufeld,E (2470)/Athens 1985/EXT 2010/1-0 (34)}) ({RR} 12.
Be3 Kh8 13. c5 Neg8 14. Rc1 Bh6 15. Qd2 Bxe3+ 16. Qxe3 Bd7 17. a4 f4 18. Qf2 g5
19. cxd6 cxd6 20. Nb5 Bxb5 21. axb5 Ne7 22. Rc2 Rc8 23. Rfc1 Rxc2 24. Rxc2 Nc8
25. b3 Nd7 26. Nb2 Nc5 {
Takac,Z (2010)-Bubalovic,D (2224)/Mali Losinj 2016/CBM 172 Extra/0-1 (41)})
12... c5 $146 ({RR} 12... f4 13. g4 ({RR} 13. b4 g5 14. c5 Kh8 15. Bd2 Rg8 16.
Rc1 h5 17. cxd6 cxd6 18. Nb5 Ne8 19. Be1 Bf8 20. h3 Rg7 21. Bc3 Ng8 22. Na3 Qf6
23. Nc4 Kh7 24. Nd3 Nh6 25. Ncxe5 dxe5 26. Bxe5 Qb6+ 27. Kh2 Rg8 {
Causevic,I (1957)-Muscolino,A (2122)/Merano 2008/EXT 2015/1-0 (44)}) 13... g5
14. Bd2 Ng6 15. Nd3 Bd7 16. Be1 a5 17. c5 h5 18. h3 Nh4 19. Bxh4 gxh4 20. cxd6
cxd6 21. Kg2 Ne8 22. Qb3 b6 23. Rac1 Qg5 24. Qxb6 hxg4 25. hxg4 Qh6 26. Rh1 Kh8
27. b4 {Costa,A (1707)-Weaver,L (1489)/Juiz de Fora 2014/EXT 2016/1-0 (48)})
13. Qc2 a6 14. a3 b5 15. cxb5 axb5 16. Bxb5 Ba6 17. Bxa6 Rxa6 18. Bd2 Qb8 19.
Rfb1 Rc8 20. b4 cxb4 21. Rxb4 Qa8 22. Qb2 Nd7 23. Nb5 f4 24. Nd3 Kf7 25. Rc1
Rxc1+ 26. Qxc1 Qb8 27. Be1 Bf8 28. Bf2 g5 29. Nc7 Qc8 30. Nxa6 Qxa6 31. Qc3 h6
32. g3 Bg7 33. Rc4 Qb5 34. Qb4 Qa6 35. a4 Bf6 36. Qb5 Qxb5 37. axb5 Ke8 38. Rc6
Nxc6 39. dxc6 Kd8 40. cxd7 Kxd7 41. Nb4 Bd8 42. Nd5 1-0

[Event "185th open MGU"]
[Site "Sofia"]
[Date "2017.04.09"]
[Round "5.6"]
[White "Mladenov, Andrey"]
[Black "Punchev, Ivan"]
[Result "1-0"]
[WhiteElo "1552"]
[BlackElo "1708"]
[PlyCount "101"]
[EventDate "2017.04.08"]
[EventType "swiss"]
[EventRounds "6"]
[EventCountry "BUL"]

1. e4 e5 2. Nf3 f5 3. Nc3 d6 4. d4 Nc6 ({RR} 4... exd4 5. Qxd4 fxe4 ({RR} 5...
Qf6 6. Nd5 Qd8 7. Bg5 Qd7 8. exf5 c6 9. Ne3 Ne7 10. Bd3 Na6 11. f6 Ng6 12.
O-O-O Qf7 13. Rhe1 Be6 14. Nf5 Nc7 15. fxg7 {
1-0 Dejeanne,F (2249)-Tasoko,T (1749)/Florianopolis 2016/CBM 170 Extra}) 6. Bg5
Nf6 7. Nxe4 Be7 8. O-O-O O-O 9. Nxf6+ Bxf6 10. Bc4+ Kh8 11. Bxf6 Qxf6 12. Qxf6
gxf6 13. Nd4 Bd7 14. Rhe1 Nc6 15. Nxc6 Bxc6 16. Re7 Bxg2 17. Rg1 d5 18. Bd3 Be4
19. Bxe4 {Tseshkovsky,V (2595)-Inkiov,V (2495)/Minsk 1982/MCL/1-0}) 5. Bb5 Bd7
$146 ({RR} 5... Nge7 6. dxe5 dxe5 7. Qxd8+ Kxd8 8. Ng5 Nd4 9. Nf7# {
1-0 Simov,S-Aleksandrov,A/Pernik 2003/EXT 2005}) ({RR} 5... fxe4 6. Nxe4 d5 7.
Bg5 Be7 8. Bxc6+ bxc6 9. Bxe7 Qxe7 10. Ng3 exd4+ 11. Qe2 c5 12. Kd2 Qxe2+ 13.
Nxe2 Nf6 14. Ng3 O-O 15. Rae1 Bb7 16. Rhf1 Ne4+ 17. Nxe4 dxe4 18. Ng1 Rab8 19.
b3 Rbe8 20. c3 {Lieberman,D-Wood,W/USA 1994/EXT 2002/0-1}) 6. Bxc6 Bxc6 7. exf5
e4 8. Qe2 Nf6 9. Ng5 Qe7 10. d5 Nxd5 11. Qh5+ g6 12. fxg6 Nf6 13. g7+ Nxh5 14.
gxh8=Q O-O-O 15. Qd4 Kb8 16. Be3 b6 17. Nd5 Qd7 18. a4 Re8 19. O-O Bg7 20. Qd1
Nf6 21. Nxf6 Bxf6 22. c3 Rg8 23. Qh5 Qf5 24. g4 Rxg5 25. Bxg5 Qf3 26. Be3 h6
27. a5 Bg5 28. Rfe1 Bf4 29. axb6 cxb6 30. h3 Bg5 31. Rad1 Bxe3 32. Rxe3 Qxd1+
33. Kg2 a5 34. Qxh6 a4 35. Qh8+ Kc7 36. Qg7+ Bd7 37. Qd4 Qc2 38. Qb4 Be6 39.
Qxe4 Qxe4+ 40. Rxe4 Bd5 41. f3 b5 42. Rb4 Kc6 43. h4 Kc5 44. h5 Bf7 45. h6 Bg6
46. Kg3 d5 47. Kf4 Bd3 48. Rd4 Bh7 49. Kg5 Kd6 50. Kf6 Bc2 51. Kg7 1-0

[Event "185th open MGU"]
[Site "Sofia"]
[Date "2017.04.09"]
[Round "6.1"]
[White "Mihalev, Daniil"]
[Black "Babatov, Martin"]
[Result "0-1"]
[WhiteElo "1760"]
[BlackElo "1709"]
[PlyCount "92"]
[EventDate "2017.04.08"]
[EventType "swiss"]
[EventRounds "6"]
[EventCountry "BUL"]

1. d4 d5 2. Nf3 Nf6 3. Bf4 Bf5 4. c3 c6 5. Qb3 Qb6 6. Nbd2 Nbd7 ({RR} 6... h6
7. c4 Nbd7 8. e3 e6 9. c5 Qxb3 10. axb3 a6 11. b4 Rc8 12. Nb3 g5 13. Bg3 Ne4
14. Na5 g4 15. Nh4 Nxg3 16. hxg3 Rc7 17. Nxf5 exf5 18. Bd3 b6 19. Nb3 a5 20.
Bxf5 axb4 21. Ra8+ {
Buran,J (2211)-Olsarova,K (2224)/Czechia 2015/EXT 2016/1/2 (60)}) 7. a4 ({RR} 
7. h3 h6 8. g4 Bh7 9. Bg2 Ne4 10. h4 e6 11. Ne5 Nxe5 12. Bxe5 Nxd2 13. Kxd2 f6
14. Bg3 Be7 15. Rae1 Kd7 16. e4 Qxb3 17. axb3 a6 18. Re2 Rae8 19. Rhe1 g5 20.
exd5 exd5 21. Rh1 Bg6 {
Sygulski,A (2400)-Adamski,J (2420)/Wroslaw 1987/EXT 1997/1/2 (41)}) 7... Qxb3
$146 ({RR} 7... Nh5 8. Be3 a5 9. Ne5 Qxb3 10. Nxb3 Bc2 11. Nxd7 Bxb3 12. Nc5
Bc2 13. Nxb7 e6 14. Bc1 Nf6 15. f3 Ra7 16. Nc5 Bxc5 17. dxc5 Nd7 18. b4 axb4
19. cxb4 Rxa4 20. Rxa4 Bxa4 21. e3 O-O 22. Bd3 {
Popitz,A (2164)-Gikas,A (2254)/Curacao 2002/CBM 091 Extra/0-1 (61)}) 8. Nxb3
Nh5 9. Bd2 b6 10. h3 Bc2 11. Nc1 a5 12. g4 Nhf6 13. Nd3 e6 14. Bf4 Be7 15. Kd2
Bxd3 16. exd3 Ra7 17. Ne5 Nxe5 18. dxe5 Nd7 19. d4 Nf8 20. Bg3 Ng6 21. f4 Bh4
22. Bxh4 Nxh4 23. b4 axb4 24. cxb4 Kd7 25. Kc3 Rha8 26. a5 bxa5 27. b5 cxb5 28.
Bxb5+ Ke7 29. Rhf1 Rc8+ 30. Kd2 Rb8 31. Bd3 g6 32. f5 gxf5 33. gxf5 Nxf5 34.
Bxf5 exf5 35. Rxf5 Rg8 36. Raf1 Ke8 37. Rh5 Rg7 38. Rh6 a4 39. Rd6 Rg2+ 40. Kc3
Rg3+ 41. Kb4 Rxh3 42. Rxd5 a3 43. Rb5 a2 44. Ra1 Rh2 45. Kc5 Rc2+ 46. Kd6 Rd7#
0-1

[Event "185th open MGU"]
[Site "Sofia"]
[Date "2017.04.09"]
[Round "6.2"]
[White "Andreev, Dobrotich"]
[Black "Ignatov, Bojidar"]
[Result "0-1"]
[WhiteElo "1986"]
[BlackElo "1770"]
[PlyCount "82"]
[EventDate "2017.04.08"]
[EventType "swiss"]
[EventRounds "6"]
[EventCountry "BUL"]

1. e4 c6 2. Nc3 d5 3. Nf3 Bg4 4. h3 Bh5 5. exd5 cxd5 6. g4 Bg6 7. Bb5+ Nc6 8.
Ne5 Rc8 9. d4 e6 10. h4 f6 11. Nxc6 ({RR} 11. Bxc6+ bxc6 12. Nxg6 hxg6 13. Ne2
Bd6 14. Be3 Qb6 15. Qd3 Qxb2 16. Qxg6+ Kf8 17. O-O Ne7 18. Qd3 Rxh4 19. f3 Qb8
20. Rab1 Qc7 21. Qa6 Rb8 22. Rxb8+ Qxb8 23. c4 Kf7 24. cxd5 exd5 25. Qd3 Qh8 {
Kasimdzhanov,R (2652)-Seirawan,Y (2621)/Dordrecht 2004/EXT 2006/0-1 (34)}) ({RR
} 11. h5 Bxc2 12. Qxc2 fxe5 13. dxe5 d4 14. Qb3 dxc3 15. Qxe6+ Be7 16. bxc3 Qd7
17. Qxd7+ Kxd7 18. Bf4 Rf8 19. Bg3 Bg5 20. Rd1+ Kc8 21. Bxc6 bxc6 22. Rd4 Rf3
23. Ke2 Rxc3 24. Rb1 Bd8 25. e6 Bb6 {
Okus,M (2045)-Tofan,I (2204)/Konya 2016/CBM 173 Extra/0-1 (45)}) 11... bxc6 12.
Ba6 Rc7 $146 ({RR} 12... Rb8 13. Qe2 Bf7 14. a3 Bd6 15. b4 Ne7 16. h5 e5 17.
Be3 Qc7 18. Na4 exd4 19. Bxd4 Be5 20. O-O-O Bf4+ 21. Kb2 O-O 22. Nc5 Be5 23.
Rhe1 Bxd4+ 24. Rxd4 Rfe8 25. Qf3 Qd6 26. Ka1 Nc8 27. Rxe8+ {
Middelhoff,C (2070)-Bielmeier,L (2025)/Bayern 1995/EXT 1999/[Bulletin]/1-0 (90)
}) 13. h5 Bf7 14. f4 Bd6 15. Qf3 Ne7 16. Bd2 O-O 17. Ne2 c5 18. Ba5 Qb8 19. Qb3
Rd7 20. Qxb8 Rxb8 21. dxc5 Bxc5 22. O-O-O Nc6 23. Bc3 Nb4 24. Bxb4 Rxb4 25. a3
Rb6 26. Bd3 Rdb7 27. b4 Bd6 28. c3 e5 29. g5 fxg5 30. fxg5 a5 31. g6 hxg6 32.
hxg6 Be6 33. Rh7 e4 34. Rdh1 Kf8 35. Nd4 Be5 36. bxa5 Bxd4 37. axb6 Be3+ 38.
Kd1 exd3 39. Rf1+ Ke8 40. Rh8+ Kd7 41. Rf7+ Kc6 0-1

[Event "185th open MGU"]
[Site "Sofia"]
[Date "2017.04.09"]
[Round "6.4"]
[White "Georgiev, Nikolay Zh."]
[Black "Mladenov, Andrey"]
[Result "1-0"]
[WhiteElo "1574"]
[BlackElo "1552"]
[PlyCount "51"]
[EventDate "2017.04.08"]
[EventType "swiss"]
[EventRounds "6"]
[EventCountry "BUL"]

1. e4 c5 2. Nc3 Nc6 3. Bc4 d6 4. a3 Nf6 5. d3 g6 6. Nge2 Bg7 7. O-O O-O $146 ({
RR} 7... a6 8. Bg5 b5 9. Bb3 O-O 10. Rb1 Rb8 11. Qd2 a5 12. f4 b4 13. Nd5 Nxd5
14. Bxd5 Nd4 15. Nxd4 Bxd4+ 16. Kh1 Be6 17. Bxe6 fxe6 18. a4 Qd7 19. b3 Rf7 20.
Qe2 Rbf8 21. Qg4 d5 22. Bh6 {
Mizik,Z (2092)-Heidrich,M (1929)/Hungary 2010/EXT 2012/0-1 (41)}) 8. Ng3 a6 9.
Bg5 e6 10. Qd2 b5 11. Ba2 Nd4 12. Rac1 Qc7 13. Bh6 Bxh6 14. Qxh6 b4 15. axb4
cxb4 16. Nce2 Nxe2+ 17. Nxe2 Bb7 18. f4 Ng4 19. Qh4 Ne3 20. Rf3 Nxc2 21. Bb3
Qb6+ 22. Kh1 Na3 23. Rh3 h5 24. f5 Rfc8 25. Rxc8+ Rxc8 26. fxg6 1-0

[Event "185th open MGU"]
[Site "Sofia"]
[Date "2017.04.09"]
[Round "6.5"]
[White "Ruschukov, Boyan"]
[Black "Kostov, Nikolay"]
[Result "1-0"]
[WhiteElo "1801"]
[BlackElo "1668"]
[PlyCount "91"]
[EventDate "2017.04.08"]
[EventType "swiss"]
[EventRounds "6"]
[EventCountry "BUL"]

1. d4 Nf6 2. c4 e6 3. Nc3 Bb4 4. Nf3 d5 5. Bg5 h6 6. Bxf6 Bxc3+ 7. bxc3 Qxf6 8.
e3 O-O 9. Bd3 ({RR} 9. Be2 dxc4 10. Bxc4 Nc6 11. O-O e5 12. Bd5 exd4 13. cxd4
Rd8 14. Be4 Bf5 15. Bxf5 Qxf5 16. Rc1 Rd5 17. Qb3 Rb5 18. Qc3 Rd8 19. Rfe1 Qe4
20. Nd2 Qd5 21. Nb3 Nb4 22. e4 Qc6 23. Qf3 Qd7 {
Wang,Y (2736)-Aveskulov,V (2544)/Beijing 2008/CBM 126 Extra/1-0 (32)}) 9... Nd7
10. O-O dxc4 ({RR} 10... c6 11. e4 dxe4 12. Bxe4 Re8 13. Re1 Nf8 14. Qd3 Rd8
15. Rab1 Qf4 16. Ne5 Nd7 17. Nxd7 Rxd7 18. g3 Qc7 19. f4 Rd8 20. Qf3 Bd7 21. g4
Rf8 22. g5 f5 23. Bd3 hxg5 24. fxg5 g6 25. c5 {
Liao,R (1837)-Wan,Q (1637)/Wuxi 2016/CBM 173 Extra/0-1 (59)}) 11. Bxc4 b6 $146
({RR} 11... e5 12. Qd3 Re8 13. e4 b6 14. Rfe1 Bb7 15. Rad1 Rad8 16. Qc2 c5 17.
d5 Nf8 18. Nd2 Ng6 19. Bf1 Ne7 20. a4 Nc8 21. a5 bxa5 22. Ra1 Ba6 23. Rxa5 Bxf1
24. Rxf1 Rd7 25. Rxc5 Nd6 26. Rb1 {
Cossin,S (2010)-Licayan,A (2130)/Clichy 1999/EXT 2000/0-1 (56)}) 12. e4 Bb7 13.
Re1 e5 14. Re3 Rad8 15. Qe2 Rfe8 16. Rd1 c5 17. Bb5 exd4 18. cxd4 Bc6 19. Bxc6
Qxc6 20. d5 Qa4 21. e5 Nf8 22. Re4 Qd7 23. a4 Ne6 24. d6 Qb7 25. Re3 Rd7 26.
Qc4 Rc8 27. h3 Re8 28. Nh4 g6 29. f4 Kh7 30. f5 Nd4 31. fxg6+ fxg6 32. Rxd4
cxd4 33. Qxd4 Qb8 34. Qd3 Re6 35. Nf3 Qe8 36. Kf2 Qf7 37. Ke2 Qe8 38. Qb5 Rd8
39. Nd4 Qxb5+ 40. axb5 Ree8 41. Nc6 Rd7 42. Kd3 Kg7 43. Kd4 Re6 44. Ra3 a5 45.
Kd5 Kf7 46. Rf3+ 1-0

[Event "185th open MGU"]
[Site "Sofia"]
[Date "2017.04.09"]
[Round "6.6"]
[White "Ivanov, Oleg M"]
[Black "Punchev, Ivan"]
[Result "0-1"]
[WhiteElo "1628"]
[BlackElo "1708"]
[PlyCount "88"]
[EventDate "2017.04.08"]
[EventType "swiss"]
[EventRounds "6"]
[EventCountry "BUL"]

1. c4 d5 2. cxd5 Qxd5 3. Nc3 Qa5 4. d4 Bd7 $146 ({RR} 4... e6 5. e4 ({RR} 5.
Bd2 c6 6. Nf3 Nf6 7. g3 Be7 8. Ne4 Qd8 9. Nxf6+ Bxf6 10. Bc3 O-O 11. Bg2 Nd7
12. O-O Re8 13. Qc2 e5 14. dxe5 Nxe5 15. Nxe5 Bxe5 16. Be4 h6 17. f4 Qb6+ 18.
Kh1 Bd4 19. Rad1 Bxc3 {
Schmuck,J (1402)-Loyal,M (1616)/Leipzig 2016/EXT 2017/0-1 (37)}) 5... Nf6 6.
Bd3 Bb4 ({RR} 6... Nc6 7. Nge2 Be7 8. O-O O-O 9. Bd2 Qh5 10. e5 Nd5 11. Be4 Rd8
12. Bf3 Qg6 13. Nxd5 exd5 14. Nf4 Qf5 15. Nxd5 Qd7 16. Nxe7+ Qxe7 17. Bxc6 bxc6
18. Qa4 c5 19. Be3 cxd4 20. Bxd4 Bb7 21. Bc3 {
Alapin,S-Mieses,J/Munich 1909/EXT 2008/1-0 (40)}) 7. Bd2 c6 8. Nf3 Nbd7 9. O-O
e5 10. a3 Bd6 11. Nb5 Qd8 12. Nxd6+ Kf8 13. Nxe5 Nxe5 14. dxe5 Ne8 15. Bc4 Nxd6
16. Bb4 Kg8 17. Bxd6 h5 18. Qb3 {1-0 Lee,H-Reed,W/Cable USA 1904/EXT 2002}) ({
RR} 4... e5 5. e3 exd4 6. exd4 Bb4 7. Bd2 c6 8. Bc4 Ne7 9. Nf3 O-O 10. O-O Bg4
11. h3 Bxf3 12. Qxf3 Qf5 13. Qe2 Ng6 14. Rfe1 Nd7 15. a3 Bxc3 16. bxc3 Nf6 17.
Bd3 Qd5 18. Bc4 Qf5 19. Qd3 {
Rakhmanov,A (2654)-Syvalahti,T (2121)/Finland 2016/EXT 2017/1-0}) 5. Nf3 Nc6 6.
a3 O-O-O 7. e3 Bg4 8. Bd2 Kb8 9. Nb5 Qb6 10. a4 a5 11. Be2 e6 12. h3 Bh5 13.
O-O Nf6 14. Nc3 Bb4 15. Qe1 h6 16. Rd1 g5 17. Na2 Ne4 18. Nxb4 axb4 19. Ra1 Qa5
20. Bb5 Bxf3 21. gxf3 Nxd2 22. Qxd2 Ne5 23. Kg2 c6 24. Be2 h5 25. Rfc1 c5 26.
Rxc5 Qxc5 27. Rc1 Qd6 28. Rc5 g4 29. Rxe5 Qxe5 30. Qxb4 gxh3+ 31. Kxh3 Qc7 32.
a5 Rd6 33. f4 b6 34. a6 Ka7 35. Bf3 Rg8 36. Qe1 Qc4 37. Be2 Qd5 38. f3 Qf5+ 39.
Kh2 e5 40. Qc3 Qd7 41. fxe5 Rdg6 42. Bf1 Qd8 43. Qe1 Qg5 44. d5 Qg1+ 0-1